Law of Arbitration & Conciliation (Record no. 9576)

MARC details
000 -LEADER
fixed length control field 00422nam a22001697a 4500
005 - DATE AND TIME OF LATEST TRANSACTION
control field 20260402103941.0
008 - FIXED-LENGTH DATA ELEMENTS--GENERAL INFORMATION
fixed length control field 260402b |||||||| |||| 00| 0 eng d
020 ## - INTERNATIONAL STANDARD BOOK NUMBER
International Standard Book Number 8171771335
041 ## - LANGUAGE CODE
Language English
082 ## - DEWEY DECIMAL CLASSIFICATION NUMBER
Classification number 347.09 SHA
100 ## - MAIN ENTRY--PERSONAL NAME
Main Author Name Saharay, H.K
245 ## - TITLE STATEMENT
Title Law of Arbitration & Conciliation
260 ## - PUBLICATION, DISTRIBUTION, ETC.
Place of publication New Delhi:
publisher Name E.L.H,
Date of publication 2001.
300 ## - PHYSICAL DESCRIPTION
Number Of Page 880 p.
650 ## - SUBJECT ADDED ENTRY--TOPICAL TERM
Keyword Arbitration & Conciliation
942 ## - ADDED ENTRY ELEMENTS (KOHA)
Koha item type Donated Book
Holdings
Lost status Source of classification or shelving scheme Not for loan Home library Current library Date last seen Koha item type School Total Checkouts Full call number Barcode Copy number Price effective from Withdrawn status Date acquired Source of acquisition
  Dewey Decimal Classification   BSOL BSOL 02/04/2026 Donated Book School of Law   347.09 SAH G724 1 02/04/2026   02/04/2026 prithivi Raj

Maintained and Designed by
2cqr automation private limited, Chennai. All Rights Reserved.

You are Visitor Number

PHP Hits Count